Normal view
MARC view
Entry Topical Term
001 - CONTROL NUMBER
- control field: 55005
003 - CONTROL NUMBER IDENTIFIER
- control field: OSt
005 - DATE AND TIME OF LATEST TRANSACTION
- control field: 20241010140737.0
008 - FIXED-LENGTH DATA ELEMENTS
- fixed length control field: 241010|| aca||aabn | a|a d
040 ## - CATALOGING SOURCE
- Original cataloging agency: OSt
- Transcribing agency: OSt
150 ## - HEADING--TOPICAL TERM
- Topical term or geographic name entry element: ဆံထီးရိုးစေတီ
- Form subdivision: သမိုင်း
670 ## - SOURCE DATA FOUND
- Source citation: Work cat.: (OSt)16696: စိုးရှိန်၊ ဦး (မောင်စိုးထိုက်-သုံးဆယ်), ဆံတော်ရှင် ကျိုက်ထီးရိုးစေတီတော်မြတ်ကြီးသမိုင်းစုံ /, ၂၀၀၅။